| 000 | 00635nam a2200253Ia 4500 | ||
|---|---|---|---|
| 003 | OSt | ||
| 005 | 20221005122803.0 | ||
| 006 | a|||||r|||| 00| 0 | ||
| 007 | ta | ||
| 008 | 221004b |||||||| |||| 00| 0 kan d | ||
| 024 | _a59894 | ||
| 037 | _cTextual | ||
| 040 |
_aCRL _cCRL _bkan |
||
| 041 |
_2kan _akan |
||
| 082 | _aO33,1w,N3, L2.2 | ||
| 100 |
_aRao Bahadur Au. _9627074 |
||
| 245 | 0 | _aKarnataka Kavicharilee | |
| 260 | _c1972 | ||
| 490 | _vVol. 2 | ||
| 650 | _a KANNAD POETRY | ||
| 650 | _aKANNAD LITERATURE | ||
| 942 |
_hO33,1w,N3, L2.2 _cTEXL _2cc |
||
| 999 |
_c1045363 _d1045363 |
||